MODERN TECHNIQUES OF RAISING FIELD CROPS (Record no. 5190)

MARC details
000 -LEADER
fixed length control field 00420nam a22001697a 4500
005 - DATE AND TIME OF LATEST TRANSACTION
control field 20160905112548.0
008 - FIXED-LENGTH DATA ELEMENTS--GENERAL INFORMATION
fixed length control field 160905b xxu||||| |||| 00| 0 eng d
020 ## - INTERNATIONAL STANDARD BOOK NUMBER
ISBN 81-204-1599-X
041 ## - LANGUAGE CODE
Language code of text/sound track or separate title eng
100 ## - MAIN ENTRY--AUTHOR NAME
Personal name SINGH, CHHIDDA SINGH, SINGH, PREM
245 ## - TITLE STATEMENT
Title MODERN TECHNIQUES OF RAISING FIELD CROPS
250 ## - EDITION STATEMENT
Edition statement 2nd
260 ## - PUBLICATION, DISTRIBUTION, ETC. (IMPRINT)
Name of publisher OXFORD
Year of publication 2015
300 ## - PHYSICAL DESCRIPTION
Number of Pages 561
650 ## - SUBJECT ADDED ENTRY--TOPICAL TERM
Topical Term AGRICULTURE
942 ## - ADDED ENTRY ELEMENTS (KOHA)
Koha item type Books
Holdings
Lost status Damaged status Collection code Home library Current library Shelving location Date acquired Source of acquisition Cost, normal purchase price Full call number Accession Number Koha item type Copy number
    Reference JRU Library JRU Library SHELF-2-A 05/09/2016 PURCHASE 560.00 633 20964 Books  
    AGRICULTURE JRU Library JRU Library SHELF-16-D 05/09/2016 PURCHASE 560.00   20965 Books 5
    AGRICULTURE JRU Library JRU Library SHELF-16-D 05/09/2016 PURCHASE 560.00   20966 Books 5
    AGRICULTURE JRU Library JRU Library SHELF-44-B 05/09/2016 PURCHASE 560.00   20967 Books 5
    AGRICULTURE JRU Library JRU Library SHELF-44-B 05/09/2016 PURCHASE 560.00   20968 Books 5